| 000 | 00966cam a2200289 a 4500 | ||
|---|---|---|---|
| 001 | 2826375 | ||
| 003 | ARRUPE | ||
| 005 | 20160812115329.0 | ||
| 008 | 830412s1982 ru af 000 0 eng | ||
| 010 | _a 83103907 | ||
| 040 |
_aDLC _cDLC _dDLC |
||
| 043 | _ae-ur--- | ||
| 050 | 0 | 0 | _aHQ792.S65 |
| 082 | 0 | 0 |
_a305.2/3/0947 _219 |
| 100 | 1 |
_aMorton, Miriam. _924980 |
|
| 245 | 1 | 0 |
_aGrowing up in the Soviet Union : _bfrom the cradle to coming of age / _cMiriam Morton. |
| 260 |
_aMoscow : _bProgress Publishers, _cc1982. |
||
| 300 |
_a212 p., [64] p. of plates; _bill. ; _c21 cm. |
||
| 500 | _aSeries on jacket: Impressions of the USSR. | ||
| 650 | 0 |
_aChildren _zSoviet Union. _924981 |
|
| 650 | 0 |
_aYouth _zSoviet Union. _924982 |
|
| 650 | 0 |
_aSocialism and youth _zSoviet Union. _924983 |
|
| 650 | 0 |
_aEducation _zSoviet Union. _924984 |
|
| 830 | 0 |
_aImpressions of the USSR. _924985 |
|
| 906 |
_a7 _bcbc _corignew _d2 _encip _f19 _gy-gencatlg |
||
| 942 |
_2lcc _cMONOGRAPH |
||
| 999 |
_c124977 _d124977 |
||